CO ROBIMY GDY WSIĄDZIEMY DO SAMOCHODU? - Statystyki

Ogólne statystyki
  • Ten quiz został rozwiązany 296 razy
  • Średni wynik to 2 z 5
Statystyki odpowiedzi
Hint Odpowiedź % Poprawnych
1. ZAPINAMY PASY
95%
2. USTAWIAMY LUSTERKA
44%
4. ODPALAMY SAMOCHÓD
13%
5. WŁĄCZAMY RADIO
9%
3. USTAWIAMY SIEDZENIE
8%
Nie znaleziono quizów pasujących do podanych kryteriów
Rozkład punktacji
Procent ludzi z każdym wynikiem
Percentyl według liczby udzielonych odpowiedzi
Twoja historia wyników
Nie rozwiązałeś tego quizu